000 00247nam a2200109Ia 4500
005 20251028132339.0
008 251020t2011||||xx |||||||||||||| ||spa||
041 _aspa
245 0 _aMétodos feministas en el derecho
260 _c2011
942 _CLB
_cLB
999 _c749
_d749